00782nam a2200205 a 450000100100000000500170001000800410002704000250006808200160009310000330010924500670014226000290020930000320023849000480027049000120031850000430033083000660037395201200043999900170055900002309320200930022001.0101126s1967 sp ad r 000 0 spa d aDO-SdBNPbspacBNPHU axxxxbA719p1 aArjona Ciria, Antonio94754310aPrincipios de control de producción /cAntonio Arjona Ciria. aBilbao :bDeusto,c1967. at.1 :bil., diag. ;c21 cm.1 aManuales practicos de gestión de empresas1 aSerie C aIncluye notas al pie de las páginas. 0aManuales practicos de gestión de empresas ;pSerie C947544 001054708MOaGRbGRcCTd2010-11-26iLF1l0oxxxx A719pp23093-10r2020-06-25w2020-06-25y4ZPréstamo en sala c22590d22590